Near Infrared Spectroscopy based Brain Computer Interface for Decoding Speech / (Record no. 529238)

000 -LEADER
fixed length control field 00574nam a22001697a 4500
020 ## - INTERNATIONAL STANDARD BOOK NUMBER
Qualifying information Hardcover.
082 ## - DEWEY DECIMAL CLASSIFICATION NUMBER
Classification number 629.892
100 ## - MAIN ENTRY--PERSONAL NAME
Personal name Sheikh, Usman Ayub
245 ## - TITLE STATEMENT
Title Near Infrared Spectroscopy based Brain Computer Interface for Decoding Speech /
Statement of responsibility, etc. Usman Ayub Sheikh.
260 ## - PUBLICATION, DISTRIBUTION, ETC.
Place of publication, distribution, etc. Islamabad:
Name of publisher, distributor, etc. SMME - NUST,
Date of publication, distribution, etc. 2016.
300 ## - PHYSICAL DESCRIPTION
Extent 52 p.: ill.;
Dimensions 30cm.
650 ## - SUBJECT ADDED ENTRY--TOPICAL TERM
Topical term or geographic name entry element MS-Thesis.
700 ## - ADDED ENTRY--PERSONAL NAME
Personal name Dr. Syed Omer Gilani
856 ## - Uniform Resource Identifier
Uniform Resource Identifier <a href="http://10.250.8.41:8080/xmlui/handle/123456789/9178">http://10.250.8.41:8080/xmlui/handle/123456789/9178</a>
942 ## - ADDED ENTRY ELEMENTS (KOHA)
Source of classification or shelving scheme
Koha item type Thesis
650 ## - SUBJECT ADDED ENTRY--TOPICAL TERM
-- 18721
700 ## - ADDED ENTRY--PERSONAL NAME
-- 16175
Holdings
Withdrawn status Lost status Source of classification or shelving scheme Damaged status Not for loan Permanent Location Current Location Shelving location Date acquired Full call number Barcode Date last seen Price effective from Non-public note Koha item type
          Central Library (CL) Central Library (CL) Thesis 09/23/2019 629.892 CL-T-1527 09/23/2019 09/23/2019 Minute Sheet No. 0929/02/CL/Survey/5 dated 23rd April 2024 E-MIN ID 114741 Thesis
© 2023 Central Library, National University of Sciences and Technology. All Rights Reserved.